Представление документа в формате MARC21

Поле Инд. ПП Название Значение
Тип записи a
Библиографический уровень m
001 Контрольный номер d5ee6e32-7c5e-47a7-ae87-06580d388437
005 Дата корректировки 20140227000809.6
008 Кодируемые данные 021217
020 a ISBN 5-9221-0121-8
c Цена, тираж 240.00
020 a ISBN 5-9221-0053-X
040 a Служба первич. каталог. НБ ТвГУ
041 a Код языка текста rus
080 a Индекс УДК 530.1(075.8)
a Индекс УДК 532.5(075.8)
084 a Индекс другой классификации/Индекс ББК В31я731-1
a Индекс другой классификации/Индекс ББК В253.32я731-1
090 x Авторский знак Л22
a Полочн. индекс В31
100 1_ a Автор Ландау Лев Давидович
245 10 a Заглавие Теоретическая физика
n Номер части/ раздела Т. 6
p Название части/ раздела Гидродинамика
b Продолж. заглавия Учеб. пособие для студентов физ. специальностей ун-тов
c Ответственность Л. Д. Ландау и Е. М. Лифшиц; Под ред. Л. П. Питаевского
250 a Основные сведения об издании 5-е изд.
b Дополнительные сведения об издании стер.
260 0_ a Место издания Москва
b Издательство ФИЗМАТЛИТ
c Дата издания 2001
300 a Объем 731 с.
b Иллюстрации/ тип воспроизводства ил.
440 a Серия Теоретическая физика : В 10 т.
490 _0 v N тома Т. 6
504 a Библиография Библиогр. в подстроч. примеч.
a Библиография Предм. указ.: с.730-731.
583 a Действие Получение впервые 500 17.12.2002
k Исполнитель действия ООО "Книжный мир"
650 a Основная рубрика Физика теоретическая
x Основная подрубрика Учебники для вузов
650 a Основная рубрика Гидродинамика
653 a Ключевые слова Физика
a Ключевые слова Теоретическая физика
a Ключевые слова Гидродинамика
700 1_ a Другие авторы Лифшиц Евгений Михайлович
e Роль лиц авт.
700 1_ a Другие авторы Питаевский Лев Петрович
e Роль лиц ред.
852 t Порядковый номер экземпляра 3
p Инвентарный номер 759120
p Инвентарный номер 759122
p Инвентарный номер 759121
888 a За счет средств университета
930 a Новая/Ретро учебники
952 p 500.2002 240.00 1 759120
p 500.2002 240.00 1 759121
p 500.2002 240.00 1 759122
c Вид литературы К ру
954 a Дата поступления на обработку 20021223
999 a Подразделение 2 Фил3